| 000 | 00581nam a2200169Ia 4500 | ||
|---|---|---|---|
| 008 | 110201s9999 xx 000 0 und d | ||
| 082 |
_bB7529 _aBAL 2038 |
||
| 100 | _aशिरवाडकर वसंत | ||
| 245 | _aउर्जेच्या शोधात | ||
| 260 | _bपृथ्वी प्रकाशन | ||
| 365 | _b40 | ||
| 600 | _aशिरवाडकर वसंत | ||
| 630 | _aउर्जेच्या शोधात | ||
| 700 | _aशिरवाडकर वसंत | ||
| 730 | _aउर्जेच्या शोधात | ||
| 942 | _cBOOK | ||
| 999 |
_c833048 _d833045 |
||